| 000 | 00762nam a22001937a 4500 | ||
|---|---|---|---|
| 005 | 20251108164216.0 | ||
| 008 | 250721s1990 xx 000 0 ara d | ||
| 082 | 1 | 4 | _a211.2/عثم |
| 100 | 1 | _aعثمان، حسني شيخ | |
| 245 | 1 | 0 |
_aحق التلاوة : _bكتاب منهجي تطبيقي لتعلم تجويد القرآن و تعليمه على رواية حفص عن عاصط و بحاشيته الكتاب القواعد التي يخالف فيهاحفصاً كل الرواة قالون - وورش -و الدوري / |
| 250 | _aط9 | ||
| 264 |
_bالمؤلف، _c1990. |
||
| 300 | _a256ص | ||
| 650 | 1 | 7 | _aالإسلام |
| 650 | 1 | 7 | _aالعلوم القرآنية |
| 650 | 1 | 7 | _aأحكام التجويد |
| 942 |
_2ddc _cBK |
||
| 999 |
_c6412 _d6412 |
||